[Event "24. European Club Cup 2008"]
[Site "Kallithea GRE"]
[Date "2008.10.23"]
[Round "7.29"]
[White "Huizer, Mark"]
[Black "Knudsen, Martin"]
[Result "1-0"]
[WhiteElo "2195"]
[BlackElo "1946"]
[PlyCount "69"]
[EventDate "2008.10.17"]
[EventType "team-swiss"]
[EventRounds "7"]
[EventCountry "GRE"]
[Source "lmi"]
[SourceDate "2008.10.17"]
[WhiteTeam "Calder"]
[BlackTeam "Phibsboro"]

1. d4 f5 2. Nf3 Nf6 3. Bf4 e6 4. e3 Be7 5. h3 b6 6. Bd3 Bb7 7. Nbd2 d5 8. Ne5
Nbd7 9. Bb5 Qc8 10. Bxd7+ Nxd7 11. Qh5+ g6 12. Nxg6 hxg6 13. Qxh8+ Nf8 14. h4
Qd7 15. h5 O-O-O 16. h6 g5 17. Bg3 Bd6 18. Bxd6 cxd6 19. h7 Ng6 20. Qf6 Nh8 21.
Rh6 g4 22. Qxe6 Qxe6 23. Rxe6 Kd7 24. Rf6 Re8 25. Rxf5 Re7 26. Rh5 Rf7 27. Rh6
Ke7 28. Nf1 Bc8 29. Ng3 Bd7 30. Ne2 Bf5 31. Kd2 Rf6 32. Rh4 Kf7 33. Nf4 Bg6 34.
Rah1 Kg7 35. Rxg4 1-0

[Event "24. European Club Cup 2008"]
[Site "Kallithea GRE"]
[Date "2008.10.23"]
[Round "7.30"]
[White "Ribbegren, Karl Johan"]
[Black "Young, A."]
[Result "1-0"]
[WhiteElo "2067"]
[BlackElo "2002"]
[PlyCount "69"]
[EventDate "2008.10.17"]
[EventType "team-swiss"]
[EventRounds "7"]
[EventCountry "GRE"]
[Source "lmi"]
[SourceDate "2008.10.17"]
[WhiteTeam "Monaco"]
[BlackTeam "Nidum"]
[WhiteTeamCountry "MNC"]

1. g3 e5 2. Bg2 d5 3. d3 Nc6 4. Nf3 h6 5. O-O Be6 6. e4 d4 7. c3 dxc3 8. bxc3
Bc5 9. Be3 Bxe3 10. fxe3 Nf6 11. Qe2 Bg4 12. Nbd2 Qd7 13. Rab1 Rb8 14. d4 O-O
15. Qc4 b5 16. Rxb5 Rxb5 17. Qxb5 Rb8 18. Qc4 Bxf3 19. Nxf3 Rb2 20. d5 Na5 21.
Qd3 Qa4 22. Ra1 Nb3 23. Qd1 Rxa2 24. Rxa2 Qxa2 25. Nxe5 a5 26. Nc6 a4 27. e5
Ne8 28. d6 cxd6 29. exd6 Nxd6 30. Qxd6 Qa1+ 31. Bf1 a3 32. Qb8+ Kh7 33. Ne7 h5
34. Qg8+ Kh6 35. Qh8+ 1-0